00646nam a2200157 a 4500008004100000050001800041100003200059245003400091246004200125260003000167300002100197350000900218995011000227999001700337952013400354120416s1957 ||||||||||||||||| || u aE 183.8R9 Las aLaserson, Max M., 1887-195114aThe American impact on Russia adiplomatic and idealogical, 1784-1917 aNew YorkbMacmillanc1957 aix, 441p. : ill. a0.00 D0.00FCBU-MAIN LIBRARY (Kitwe)H1I20.00M1UAVAILABLEWOct 11, 2006ZMain Library Open Access Collection c34160d34160 00102lcc4070a001b001cMain Library Open Access Collectiond2022-11-30l0oE 183.8R9 Lasp001183r2022-11-30w2022-11-30y002